Ciência em Portugal /

Guardado en:
Autor Corporativo: Europália
Otros Autores: Gago, José Mariano.
Formato: Libro
Idioma:Portuguese
Publicado: [Lisboa] : Imprensa Nacional-Casa da Moeda, [1991]
Series:Sínteses da cultura portuguesa
Etiquetas: Agregar Etiqueta
Sin Etiquetas, Sea el primero en etiquetar este registro!
LEADER 00621nam a22001935a 4500
001 MAT.inmabb000273
008 920817s1991####po#a#####b####000#0#por##
005 20110701115130.0
245 0 0 |a Ciência em Portugal /  |c coordenação de José Mariano Gago. 
260 |a [Lisboa] :  |b Imprensa Nacional-Casa da Moeda,  |c [1991] 
300 |a 161 p. ;  |c 21 cm. 
440 0 |a Sínteses da cultura portuguesa 
504 |a Includes bibliographical references. 
020 |a 9722704397 
711 2 |a Europália  |d (1991 :  |c Bruselas) 
700 1 |a Gago, José Mariano. 
043 |a e-po--- 
010 |a  92200724  
859 |p A-8008  |b BIB. MATEMATICA